| 000 | 01224nam0a22002891 4500 | ||
|---|---|---|---|
| 001 | rc\2180872 | ||
| 005 | 20110829162917.9 | ||
| 035 | _a(NLR Aleph) 006690803 | ||
| 090 |
_a5148130 _c5148130 |
||
| 100 | _a20110829d1979 |||y0rusy50 ca | ||
| 101 | 0 | _arus | |
| 102 | _aRU | ||
| 105 | _aa z ||||| | ||
| 200 | 1 |
_aИсследования в области сравнительной акцентологии индоевропейских языков _e[Сб. статей] _fАН СССР, Ин-т языкознания _g[Отв. ред. С.Д. Кацнельсон] |
|
| 210 |
_aЛенинград _cНаука. Ленингр. отд-ние _d1979 |
||
| 215 |
_a287 с. _cил. _d22 |
||
| 320 | _aБиблиогр.: с. 235-237 | ||
| 606 |
_aИндоевропейские языки _jСборники _xФонетика историческая _2psbo |
||
| 702 | 1 |
_aКацнельсон _bС. Д. _gСоломон Давидович _4340 |
|
| 712 | 0 | 2 |
_aИнститут языкознания _cМосква _3RU\NLR\AUTH\8818281 |
| 801 | 0 |
_aRU _bNLR _gpsbo |
|
| 801 | 1 |
_aRU _bELAR _2rusmarc |
|
| 852 |
_aNLR _j79-5/3566 |
||
| 899 |
_aRuMoRGB _jБ 79-20/119 |
||
| 899 |
_aRuMoRGB _jБ 79-20/120 |
||
| 942 | _cBOOK | ||
| 980 | _aNB | ||